[Event "FISU World University-ch 2020-KO"]
[Site "Online"]
[Date "2020.10.26"]
[Round "1"]
[White "Grimm, Gyorgy"]
[Black "Velikic, Adela"]
[Result "0-1"]
[WhiteElo "2143"]
[BlackElo "2259"]
[Annotator "TA"]
[PlyCount "74"]
[EventDate "2020.10.26"]
[EventType "team-tourn"]
[SourceTitle "playchess.com"]
[Source "ChessBase"]
[SourceQuality "1"]

{[%evp 9,74,-29,-18,-27,-13,-33,-22,-46,-49,-86,-75,-107,-115,-89,-66,-59,-75,-70,-51,-58,-50,-57,-38,-72,0,-10,-6,-52,-33,-59,-33,-127,-125,-102,-75,-256,-272,-379,-225,-357,-301,-831,-827,-789,-634,-1683,-1658,-1751,-1572,-6031,-3351,-29984,-29985,-3144,-1992,-1807,-1804,-1364,-1488,-1152,-895,-29987,-29983,-29965,-29966,-29997,-29998]} 1. e4 e6 2. Nf3 d5 3. e5 c5 4. c3 Nc6 5. Bb5 Bd7 6. Ba4 {B40: Sicilian: 2...e6, Unusual lines.} d4 7. O-O {[#]} d3 $146 ({Predecessor:} 7... Nge7 8. d3 Ng6 9. Re1 Nh4 10. Nbd2 Nf5 11. Nc4 a6 12. Bb3 b5 13. Ncd2 Be7 {1-0 (44) Turikov,V (2153)-Seregina,M (1875) St Petersburg 2017}) 8. c4 {The position is equal.} Nge7 9. a3 a6 10. Re1 Nf5 11. Nc3 Ncd4 {Hoping for ...Bxa4.} 12. Nxd4 Nxd4 13. Bxd7+ Qxd7 14. Rb1 $1 Rd8 15. b3 h5 16. Re4 Nc6 (16... Be7 $17) 17. Qf3 Rh6 18. h3 Qc7 19. Qe3 Rg6 20. g3 (20. Bb2 $15) 20... Be7 $17 21. h4 Rd4 22. Kg2 $2 {[#] This costs White the game.} (22. Kf1 $17 {was necessary.}) 22... Bxh4 $1 $19 23. Kh3 Be7 (23... Ne7 $142 24. Qf3 (24. gxh4 $2 Nf5 $19) 24... Nf5 25. Rxd4 cxd4) 24. f4 (24. Bb2 {was the only chance.}) 24... Rg4 25. Qf3 $2 (25. Bb2) 25... g5 26. Bb2 {[#]} Rxf4 $1 {[%mdl 512]} 27. Qxh5 (27. Rxf4 g4+) 27... Rfxe4 28. Nxe4 Rxe4 29. Qh8+ Kd7 30. Qh7 g4+ 31. Kg2 Re2+ {[%mdl 64] Double Attack} 32. Kf1 Nxe5 33. Bxe5 Rxe5 34. Qxd3+ Qd6 35. Qc3 Rf5+ {Black mates.} 36. Ke2 Bf6 37. Qc2 Qe5+ {Av CentiPawn Loss W=728/B=-91. Weighted=180/-45} 0-1

[Event "FISU World University-ch 2020-KO"]
[Site "Online"]
[Date "2020.10.26"]
[Round "1"]
[White "Alfonso Ruisanchez, Laritza"]
[Black "Michelle Catherina, P."]
[Result "0-1"]
[WhiteElo "2108"]
[BlackElo "2176"]
[Annotator "TA"]
[PlyCount "76"]
[EventDate "2020.10.26"]
[EventType "team-tourn"]
[SourceTitle "playchess.com"]
[Source "ChessBase"]
[SourceQuality "1"]

{[%evp 12,75,26,24,26,30,35,20,69,-5,-18,-33,72,72,67,61,58,24,50,30,49,0,0,0,0,-149,-164,-128,-126,-218,-124,-127,-129,-168,-97,-97,-98,-147,-156,-231,-234,-243,-235,-408,-379,-379,-347,-729,-720,-734,-733,-689,-683,-722,-719,-865,-850,-29995,-29996,-29996,-29997,-29997,-29995,-29998,-29999,-29999]} 1. e4 e5 2. Nf3 Nc6 3. Bb5 g6 4. O-O Bg7 5. c3 a6 6. Ba4 Nge7 7. d4 b5 {C60: Ruy Lopez: Unusual Black 3rd moves and 3...g6.} 8. Bc2 exd4 {The main line 8...exd4 scores better than 8...d6.} 9. cxd4 d5 {The position is equal.} 10. e5 (10. exd5 $1 $14 Nxd5 11. Bg5) 10... Bg4 $11 11. Be3 Nf5 (11... f6 $15 {stays ahead.} 12. exf6 Bxf6) 12. Bxf5 $16 Bxf5 {[#]} 13. Nbd2 $146 ({Predecessor:} 13. Bg5 Qd7 14. Nbd2 O-O 15. Nb3 f6 16. exf6 Bxf6 17. Bxf6 Rxf6 18. Ne5 Nxe5 19. dxe5 {1-0 (42) Svetushkin,D (2576)-Dounis,A (2248) Paleochora 2011}) 13... O-O 14. a3 f6 {[%cal Rf6e5]} 15. Rc1 Qd7 {[%cal Rf6e5]} 16. Bf4 Rae8 {[%cal Rf6e5]} 17. Re1 Bg4 18. Qc2 {[#]} (18. exf6 $11 Bxf6 19. h3 Bxf3 20. Nxf3) 18... Nxd4 $1 $17 {[%mdl 576] Remove Defender, Deflection} 19. Nxd4 fxe5 20. Nxb5 (20. Bxe5 $17 Rxe5 21. Rxe5 Bxe5 22. N2b3) 20... axb5 ({Much less strong is} 20... Rxf4 21. Nxc7 Ref8 22. f3 $17) (20... Qxb5 21. Be3) (20... exf4 $19 21. Nc3 Rxe1+ 22. Rxe1 f3 23. Nxf3 Bxf3 24. gxf3 Rxf3) 21. Bg3 Rf7 22. Nb3 d4 (22... Bh6 $19 {...Bf5 is the strong threat.} 23. Ra1 d4) 23. Nc5 Qd5 {And now ...Bh6 would win.} 24. f3 Bf5 $36 {[%mdl 2048] White is under strong pressure.} 25. Ne4 (25. Qd2 $17) 25... Bh6 $19 {Threatens to win with ...d3.} 26. Rcd1 {[#]} c5 $1 {[%mdl 512]} 27. b3 $2 (27. a4 {is a better defense.}) (27. Qxc5 Bxe4) 27... c4 28. bxc4 bxc4 29. Rb1 $2 (29. h3) 29... Be3+ 30. Kh1 Bxe4 31. fxe4 Qc5 32. Qa4 Ref8 33. h3 d3 34. Rb5 Rf1+ {Black mates.} 35. Rxf1 Rxf1+ 36. Kh2 Bg1+ 37. Kh1 {[#]} Bh2+ $1 {[%mdl 576] Decoy, Clearance} 38. Kxh2 Qg1# {Av CentiPawn Loss W=-74/B=-44. Weighted=-74/-29} 0-1

[Event "FISU World University-ch 2020-KO"]
[Site "Online"]
[Date "2020.10.26"]
[Round "1"]
[White "Hu, Yu A."]
[Black "Muha, Miljenko"]
[Result "1/2-1/2"]
[WhiteElo "2094"]
[BlackElo "2295"]
[Annotator "TA"]
[PlyCount "88"]
[EventDate "2020.10.26"]
[EventType "team-tourn"]
[SourceTitle "playchess.com"]
[Source "ChessBase"]
[SourceQuality "1"]

{[%evp 10,88,22,13,13,13,13,9,19,17,19,22,18,22,28,16,26,25,29,0,0,0,0,0,0,0,0,0,0,0,27,0,36,0,38,0,40,16,27,-46,-44,-30,-6,-4,-4,-8,-4,-8,-4,-7,-2,-11,-8,-8,-8,-10,-8,-4,0,-15,-6,-25,-3,-7,0,-6,0,0,0,0,0,0,0,0,0,0,0,0,0,0,0]} 1. e4 e6 2. d4 d5 3. Nd2 c5 4. exd5 Qxd5 5. Ngf3 cxd4 6. Bc4 Qd7 {C07: French Tarrasch: 3...c5, 4 Ngf3 and 4 exd5 Qxd5.} 7. O-O Nc6 8. Nb3 {[%cal Rb3d4]} a6 9. Nbxd4 Nxd4 10. Nxd4 Qc7 11. Bb3 Bd6 12. Qh5 Nf6 13. Qh4 Bd7 14. Bg5 O-O-O 15. Rad1 h6 $1 {[%cal Rh6g5]} 16. Bxf6 gxf6 17. Rd3 Kb8 18. Rfd1 {[#]} Be7 $146 ({Predecessor:} 18... Be5 19. c3 Rdg8 20. Qh5 Rg5 21. Qh3 Rgg8 22. Qh5 Rg5 23. Qh3 Rgg8 24. Qh5 Rg5 {½-½ (24) Navara,D (2737)-Harikrishna,P (2737) Biel 2017}) 19. Qh5 Rhf8 20. h3 Bc8 21. a4 Ka8 22. Nf3 Rxd3 (22... Qf4 {feels hotter.} 23. Rxd8 Rxd8 24. Re1 b6 25. a5 Bc5) 23. Rxd3 Qf4 24. Qh4 (24. Rd2 $11) 24... Qxh4 $15 25. Nxh4 Rd8 26. Rxd8 Bxd8 $11 {[%mdl 4096] Endgame KBB-KBN} 27. Nf3 Ka7 28. Kf1 Kb6 29. Ke2 Bd7 30. Nd2 Bc6 31. g3 Kc5 32. c3 b5 33. axb5 axb5 34. Ke3 f5 35. Nf3 Bf6 36. Ne1 {The position is equal.} Be4 37. Nd3+ Bxd3 38. Kxd3 {KB-KB} b4 39. Bc4 bxc3 40. bxc3 Bd8 41. f3 Bc7 42. g4 fxg4 43. hxg4 Be5 44. Bb3 Kd6 {Av CentiPawn Loss W=-8/B=-6. Weighted=-8/-6} 1/2-1/2

[Event "FISU World University-ch 2020-KO"]
[Site "Online"]
[Date "2020.10.26"]
[Round "1"]
[White "Cieslak, Wiktoria"]
[Black "Sargsyan, Anna M."]
[Result "0-1"]
[WhiteElo "2010"]
[BlackElo "2402"]
[Annotator "TA"]
[PlyCount "106"]
[EventDate "2020.10.26"]
[EventType "team-tourn"]
[SourceTitle "playchess.com"]
[Source "ChessBase"]
[SourceQuality "1"]

{[%evp 16,106,23,20,16,8,7,0,0,-27,-13,-13,-12,-26,0,0,0,0,0,0,0,0,1,0,1,0,0,0,5,-108,-77,-105,-97,-133,-90,-192,-187,-182,-181,-186,-173,-185,-180,-224,-212,-292,-275,-299,-240,-253,-249,-295,-300,-302,-283,-273,-252,-252,-235,-266,-260,-279,-279,-393,-213,-343,-332,-12835,-2118,-12839,-12839,-12840,-12838,-12842,-12842,-12843,-12843,-12845,-12844,-12845,-12844,-12845,-12845,-12848,-12844,-12846,-12846,-12847,-12845,-12846,-12847,-12847,-12847]} 1. e4 c6 2. d4 d5 3. Nc3 dxe4 4. Nxe4 Bf5 5. Ng3 Bg6 6. h4 h6 7. Nf3 e6 8. Ne5 Bh7 9. Qh5 {[%csl Ge5][%cal Rh5f7]} Qc7 {B19: Classical Caro-Kann: 4...Bf5 main line.} 10. Bd3 Nf6 11. Qf3 Bxd3 {The position is equal.} 12. Qxd3 (12. Nxd3 {is interesting.} Nbd7 13. Bf4 Qa5+ 14. Bd2 Qb6 15. Be3) 12... Nbd7 {[#]} 13. Nxd7 $146 ({Predecessor:} 13. Bf4 Nd5 14. Bd2 Nxe5 15. dxe5 Qxe5+ 16. Ne2 Qxb2 17. O-O Qe5 18. c4 Bd6 19. f4 {½-½ (40) Senis,E (1545)-Martins,C (1559) CXV corr 2001}) 13... Qxd7 14. Be3 O-O-O 15. O-O-O Qd5 16. c4 Qa5 $36 {[%mdl 2048] Black is pushing.} 17. Kb1 Be7 18. f3 Rd7 19. Ne2 Rhd8 20. Qc2 c5 21. g4 Ne8 22. g5 (22. dxc5 $11 {remains equal.} Bxc5 23. Bf4) 22... hxg5 {Black continues to play with concentration.} (22... cxd4 {looks sharper.} 23. Bd2 d3 24. Bxa5 dxc2+ 25. Kxc2 Rxd1 26. Rxd1 Rxd1 27. Kxd1 hxg5 28. hxg5 Bxg5 29. Kc2 Kd7) 23. hxg5 cxd4 24. Nxd4 Bxg5 25. f4 {[#]} (25. Rh5 $17 Qe5 26. Bc1 Rxd4 27. Rxg5 Qxg5 28. Rxd4) 25... Bxf4 $1 $19 {[%mdl 576] Deflection} 26. Bxf4 {And now Nb5 would win.} Rxd4 27. Rxd4 Rxd4 28. Be3 Rd8 29. c5 Nc7 30. Rf1 f6 31. c6 Qb5 32. cxb7+ Kxb7 33. Rc1 Qd3 34. Qxd3 Rxd3 35. Bxa7 {[%mdl 4096] Endgame KRB-KRN} g5 36. Bc5 Nd5 37. a4 g4 38. Kc2 Rf3 39. b4 (39. Kd2 $142) 39... g3 (39... Rc3+ $142 40. Kb2 Rxc1 41. Kxc1 Kc6) 40. Re1 (40. Rh1 {might work better.}) 40... e5 41. b5 $2 (41. Rd1 Kc6 42. a5) 41... Rc3+ {[%mdl 64] [#] Double Attack. Black is clearly winning.} 42. Kb2 Rxc5 {KRN-KR} 43. Rg1 Rc4 44. Rxg3 Rxa4 45. Rd3 Rd4 46. Rf3 Kb6 47. Kc2 Kxb5 48. Rb3+ Nb4+ 49. Kb2 f5 50. Re3 e4 51. Rh3 f4 52. Rh4 f3 {( -> ...f2)} 53. Rh5+ Kc4 {Av CentiPawn Loss W=-64/B=-33. Weighted=-101/-25} 0-1

[Event "FISU World University-ch 2020-KO"]
[Site "Online"]
[Date "2020.10.26"]
[Round "1"]
[White "Ocampo, Cristina"]
[Black "Lei, Tingjie"]
[Result "0-1"]
[WhiteElo "1970"]
[BlackElo "2505"]
[Annotator "TA"]
[PlyCount "86"]
[EventDate "2020.10.26"]
[EventType "team-tourn"]
[SourceTitle "playchess.com"]
[Source "ChessBase"]
[SourceQuality "1"]

{[%evp 9,85,18,14,0,15,-8,15,0,0,-14,41,44,45,42,72,48,61,53,50,52,52,51,59,12,12,11,21,12,12,0,0,7,52,50,41,41,33,9,14,0,0,-2,0,0,0,-13,-14,-26,-25,-30,-16,-5,0,0,0,-36,-8,-8,-4,-52,-7,-72,-77,-285,-253,-719,-718,-682,-653,-570,-418,-1060,-1096,-1031,-1043,-29998,-29999,-29999]} 1. e4 c5 2. Nf3 d6 3. d4 cxd4 4. Qxd4 Nc6 5. Qe3 Nf6 6. c4 {B53: Sicilian: 2...d6: Lines with Qxd4.} g6 7. Nc3 Bg7 8. Be2 {The position is equal.} O-O 9. h3 Bd7 (9... Nd7 $11) 10. O-O $14 Rc8 11. Rd1 a6 12. Bd2 {[#]} Be6 $146 ({Predecessor:} 12... Na5 13. b3 Rb8 14. b4 Nc6 15. Rab1 Ne8 16. a4 Nc7 17. b5 Ne5 18. Nxe5 Bxe5 {½-½ (50) Duman,A (2252)-Sebag,M (2527) Denizli 2013}) 13. Rac1 Nd7 14. Ng5 Nc5 15. Qg3 Bd7 16. Qh4 {[%csl Gg5][%cal Rh4h7] [#]} h6 17. Nf3 e6 18. Qxd8 Rfxd8 19. Bf4 Bxc3 20. Rxc3 Nxe4 21. Re3 d5 22. cxd5 exd5 23. Rxd5 Nf6 $1 {[%cal Rf6d5]} 24. Rd2 g5 25. Bh2 Bf5 26. Rxd8+ Rxd8 27. Bc7 Rc8 28. Bd6 Nd5 $36 {[%mdl 2048] Threatens to win with ...Rd8. Black is pushing.} 29. Rb3 b5 (29... Na5 $5 30. Ra3 $8 Nc4 31. Bxc4 Rxc4 $11) 30. Ra3 Ncb4 31. Nd4 Be4 32. Bg4 Rc1+ (32... Rc4 $5 {[%cal Rc4d4]} 33. Ne2 f5 $15) 33. Kh2 Rc4 34. Ne2 Rc2 (34... f5 $5 {[%cal Rf5g4]} 35. Bh5 Rc2 $15) 35. Rb3 (35. Ng3 $11 {remains equal.} Bg6 36. Bf3) 35... Nd3 $17 36. Ra3 $2 {This move loses the game for White.} (36. Ng3 $17 {might work better.} Nxf2 37. Nxe4 Nxe4 38. Bf5) 36... Nxf2 $19 37. Nd4 $2 (37. Bf3) 37... Nxg4+ 38. hxg4 Rxg2+ 39. Kh3 Rd2 40. Nb3 (40. Nf5 $142 Kh7 41. Rxa6) 40... Rd3+ 41. Kh2 {[#]} Ne3 $1 {[%mdl 64] Discovered Attack} 42. Rxa6 Nxg4+ 43. Kg1 Rd1# {Av CentiPawn Loss W=-65/B=-39. Weighted=-97/-21} 0-1

[Event "FISU World University-ch 2020-KO"]
[Site "Online"]
[Date "2020.10.26"]
[Round "2"]
[White "Martirosyan, Haik M."]
[Black "Muthaiah, Al"]
[Result "1-0"]
[WhiteElo "2622"]
[BlackElo "2400"]
[Annotator "TA"]
[PlyCount "111"]
[EventDate "2020.10.26"]
[EventType "team-tourn"]
[SourceTitle "playchess.com"]
[Source "ChessBase"]
[SourceQuality "1"]

{[%evp 14,111,-9,-12,0,-10,-9,-10,-8,-17,-6,-5,3,0,14,-44,-31,-57,-73,-75,-38,-119,-114,-118,-111,-220,-219,-301,-291,-358,-253,-261,-95,-98,89,63,77,62,62,58,59,76,100,108,91,59,69,75,63,31,47,49,92,91,91,81,135,96,95,70,214,195,181,96,348,347,318,257,384,208,607,627,1347,508,1269,1206,1621,0,0,0,0,0,0,0,0,0,0,0,29976,0,29982,29983,29983,29984,29985,29986,29986,29987,29988,29989]} 1. d4 Nf6 2. Nf3 g6 3. Nc3 d5 4. Bf4 c6 5. e3 Bg7 6. Be2 Bg4 7. Ne5 Bxe2 8. Qxe2 Nbd7 {D00: 1 d4 d5: Unusual lines.} 9. O-O-O Nh5 10. g4 Nxf4 {The position is equal.} 11. exf4 e6 12. h4 {[#]} Nxe5 $146 ({Predecessor:} 12... Qf6 13. Qe3 h5 14. g5 Qe7 15. Ne2 Bxe5 {½-½ (15) Bellon Lopez,J (2432)-Nataf,I (2527) Stockholm 2001}) 13. dxe5 Qa5 14. f5 (14. h5 $11) 14... O-O-O 15. f4 d4 $36 {[%mdl 2048] Black is really pushing.} 16. Ne4 Qxa2 17. Qd3 (17. fxe6 $15 Bf8 18. Nd2) 17... exf5 $17 18. gxf5 Bf8 (18... gxf5 19. Nd6+ Kb8 20. Qa3 $15) 19. Kd2 (19. c4 $17) 19... gxf5 $19 20. Ng5 h6 21. Qxf5+ Rd7 22. Ne4 Bb4+ $2 (22... Qxb2 $19 {is more deadly.} 23. Ke1 Be7) 23. Ke2 $17 {aiming for Rxd4.} Qc4+ $2 (23... Kc7 $1 $17 24. Kf3 Be7) 24. Kf3 $16 Kc7 $1 25. c3 $1 {Nf6 is the strong threat.} Be7 26. Qxd7+ $1 {[%mdl 64] Remove Defender, Decoy} Kxd7 27. Rxd4+ {[%mdl 64] Double Attack} Qd5 28. Rxd5+ cxd5 {[%mdl 4096] Endgame KRB-KRN} 29. Ng3 Ke6 30. Ne2 Bc5 31. h5 Rg8 32. Rc1 Rc8 33. c4 $1 {[%cal Rc4d5]} dxc4 34. Rxc4 {And now b4 would win.} Kd5 ({Black should try} 34... a5) 35. b3 b5 36. Rc1 {Strongly threatening Nc3+.} b4 ({Black should play} 36... a5 $1 $14) 37. Ng3 $1 $18 a5 38. Nf5 (38. Ne4 $18) 38... Rc6 $2 {[%mdl 8192]} (38... a4 $16 {was necessary.}) 39. Rd1+ Ke6 40. Ke4 a4 (40... f6 $142 41. Nxh6 fxe5 42. f5+ (42. fxe5 a4 $16) 42... Kf6 43. Ng4+ Kg5) 41. bxa4 (41. Nxh6 $142 Rc8 42. bxa4) 41... Bb6 $2 (41... b3 42. Ng7+ (42. Nxh6 Rb6 $18) 42... Ke7) 42. a5 Ba7 {intending ...Rc4+.} 43. Rd6+ Rxd6 44. Nxd6 {KB-KN} f5+ {[#]} 45. Nxf5 $2 (45. Kd3 $1 $18 b3 46. a6) 45... b3 $11 {Hoping for ...b2.} 46. Ng7+ ({But not} 46. Nxh6 $2 b2 $19) 46... Kf7 $1 47. Kd3 ({Don't go for} 47. Nf5 $2 b2 $19) 47... Kxg7 {KB-KP} 48. Kc3 Kf7 49. Kxb3 {Threatens to win with f5.} Ke6 50. Kc4 Be3 $2 {[%mdl 8192] [#]} (50... Bf2 $11) 51. a6 $2 (51. Kd3 $1 {mates} Ba7 52. Ke4 Kd7 53. Kd5 Be3 54. f5 Bg5 55. a6 Be3 56. f6) 51... Kd7 $2 {[%mdl 8192]} (51... Ba7 $11) 52. Kd5 {White mates.} Kc7 53. f5 Kb6 54. f6 Bg5 55. Ke6 Kxa6 56. f7 {What a fight! Av CentiPawn Loss W=-63/B=-114. Weighted=-58/-120} 1-0

[Event "FISU World University-ch 2020-KO"]
[Site "Online"]
[Date "2020.10.26"]
[Round "2"]
[White "Lu, Shanglei"]
[Black "Dai, Changren"]
[Result "1/2-1/2"]
[WhiteElo "2615"]
[BlackElo "2503"]
[Annotator "TA"]
[PlyCount "67"]
[EventDate "2020.10.26"]
[EventType "team-tourn"]
[SourceTitle "playchess.com"]
[Source "ChessBase"]
[SourceQuality "1"]

{[%evp 12,67,10,8,8,15,24,5,20,13,15,12,13,22,16,14,79,76,69,57,103,97,103,106,166,56,83,62,53,43,58,16,63,59,53,56,147,51,54,8,7,10,27,0,0,0,0,0,0,0,0,0,0,0,0,0,0,0]} 1. e4 e5 2. Nf3 Nc6 3. Bc4 Bc5 4. O-O Nf6 5. d3 d6 6. c3 O-O 7. h3 a5 {C54: Giuoco Piano: 4 c3 Nf6, main lines with 5 d4 and 5 d3.} 8. Re1 Be6 9. Bb5 Ba7 {[#]} 10. d4 $5 $146 {[%mdl 8] An interesting novelty.} ({Predecessor:} 10. Be3 Bxe3 11. Rxe3 Ne7 12. d4 Ng6 13. Nbd2 c6 14. Bf1 a4 15. b4 axb3 16. axb3 {½-½ (30) Adams,M (2692)-Matlakov,M (2710) Budva 2019}) 10... exd4 11. cxd4 {[#] Strongly threatening d5.} d5 $1 {[%cal Rd5e4]} 12. e5 $36 {[%mdl 2048] White is pushing.} Ne4 13. Nc3 Bf5 (13... f5 $11) 14. Be3 $16 Ne7 15. Bd3 Bg6 16. Nh4 Nxc3 17. bxc3 c5 (17... Bxd3 $16 18. Qxd3 Qd7) 18. f4 (18. Nxg6 $18 hxg6 19. Rb1 (19. dxc5 Rc8 $16)) 18... cxd4 19. Bxd4 ({And not} 19. Nxg6 dxe3 20. Nxe7+ Qxe7 $17) 19... Bxd4+ 20. cxd4 {Hoping for f5.} Qb6 21. Nf3 Nf5 22. Qb1 Qxb1 23. Bxb1 {g4 is the strong threat.} Ng3 {[#]} (23... Ne7 $14) 24. Bxg6 ({White should try} 24. Kh2 $1 $16 {[%cal Rh2g3]} Ne4 25. Nh4) 24... hxg6 $14 25. Rab1 Nh5 26. Rxb7 Nxf4 (26... Rfb8 {with more complications.} 27. Reb1 Rxb7 28. Rxb7 Nxf4 29. Rd7 f6) 27. Ng5 (27. Kh2 {feels hotter.} Rac8 28. Rf1 Rc4 29. Rf2 Ne6 30. Rb5) 27... Rab8 {The position is equal.} 28. Rxb8 Rxb8 29. Nxf7 Nxh3+ 30. gxh3 Kxf7 $11 {KR-KR} 31. Rc1 Rb4 32. Rc5 Rxd4 33. Rxa5 Ke6 34. Ra6+ {Av CentiPawn Loss W=-14/B=-13. Weighted=-18/-15} 1/2-1/2

[Event "FISU World University-ch 2020-KO"]
[Site "Online"]
[Date "2020.10.26"]
[Round "2"]
[White "Lei, Tingjie"]
[Black "Hu, Yu A."]
[Result "1/2-1/2"]
[WhiteElo "2505"]
[BlackElo "2094"]
[Annotator "TA"]
[PlyCount "106"]
[EventDate "2020.10.26"]
[EventType "team-tourn"]
[SourceTitle "playchess.com"]
[Source "ChessBase"]
[SourceQuality "1"]

{[%evp 21,106,19,21,21,21,24,22,10,36,28,44,40,70,72,88,79,64,0,0,0,0,0,0,0,0,-116,-119,-141,-133,-138,-25,-122,0,-60,-12,-8,-12,-8,-12,-95,-38,-61,0,0,0,0,0,0,0,0,0,0,0,0,0,0,0,0,0,0,0,0,0,0,0,0,0,0,0,0,0,0,0,0,0,0,0,0,0,0,0,0,0,0,0,0,0]} 1. c4 Nf6 2. Nc3 c5 3. g3 g6 4. Bg2 Bg7 5. Nf3 Nc6 6. O-O O-O 7. d4 cxd4 8. Nxd4 Qa5 9. Nb3 Qh5 10. e4 Qxd1 11. Rxd1 d6 12. c5 {A39: Symmetrical English vs ...g6: 4 Bg2 Bg7 5 Nf3 Nf6 6 0-0 0-0 7 d4.} dxc5 13. Nxc5 Rb8 14. Nd3 e5 15. Bg5 b6 16. Rac1 {And now Bxf6 would win.} Nd4 {[#]} 17. Nxe5 $146 ({Predecessor:} 17. f3 Nd7 18. Be7 Re8 19. Bd6 Rb7 20. Kf2 f6 21. Nd5 Nc5 22. Bxc5 bxc5 23. Rxc5 {1-0 (51) Al Hosani,O (2130)-Al Maashani,A (2048) Dubai 2018}) 17... Nxe4 18. Nxe4 ({Much worse is} 18. Bxe4 Bxe5 19. Kg2 Nf5 $11) ({Don't play} 18. Rxd4 $6 Nxg5 19. f4 Re8 $11) 18... Bxe5 19. Bf6 (19. Rc4 $14 f5 20. Nd6 (20. Rdxd4 Bxd4 21. Rxd4 fxe4 $11) 20... Ne2+ {[%mdl 64] Discovered Attack} 21. Kh1) 19... Ne2+ $11 {[%mdl 64] [#] Double Attack} 20. Kh1 Bxf6 21. Nxf6+ Kg7 22. Rc6 {aiming for Ne4.} Be6 23. Nd7 (23. Ne4 $11 {keeps the balance.} Rfc8 24. Nd6 Rxc6 25. Bxc6 Bxa2 26. Rd2) 23... Rfd8 $17 24. Rcd6 Rbc8 $36 {[%mdl 2048] Hoping for ...Bg4. Keeping White busy.} 25. Bf3 Nc1 (25... Rc2 $17 26. R6d2 Rxd2 27. Rxd2 Nc1) 26. a4 (26. a3 $1 $11 {remains equal.}) 26... Nb3 (26... Rc2 $17 27. Kg2 Rxb2) 27. Kg2 (27. Nxb6 $1 $11 Rxd6 28. Nxc8) 27... Nc5 (27... Rc1 {with more complications.} 28. Ne5 Rxd6 29. Rxd6 Nc5 30. Rd4 a5) 28. Nxc5 Rxd6 29. Rxd6 Rxc5 $11 {[%mdl 4096] Endgame KRB-KRB} 30. Rd8 {[#]} (30. Bd1 $11) 30... Rc2 (30... Rc4 $1 $17 31. Bd1 Rb4) 31. Ra8 Rxb2 (31... a5 $15 32. b4 axb4) 32. Rxa7 {The position is equal.} Rb4 33. Bc6 Rc4 34. Bf3 Rb4 35. h4 Rd4 36. Bc6 Bd5+ 37. Bxd5 Rxd5 {KR-KR} 38. Kf3 Rd2 39. Ra6 Rb2 40. Ke3 h5 41. f3 Kf8 42. Kf4 Rb3 43. Ra7 Kg7 44. Ke4 Kf6 45. Ra6 Ke7 46. Ra8 Ke6 47. Ra6 Ke7 48. Ra7+ Ke6 49. Ra6 Ke7 50. Ra7+ Ke6 51. Ra6 Ke7 52. Ra7+ Ke6 53. Ra6 Ke7 {Av CentiPawn Loss W=-11/B=-11. Weighted=-15/-14} 1/2-1/2

[Event "FISU World University-ch 2020-KO"]
[Site "Online"]
[Date "2020.10.26"]
[Round "2"]
[White "Makhnev, Denis"]
[Black "Zarubitski, Viachaslau"]
[Result "1/2-1/2"]
[WhiteElo "2486"]
[BlackElo "2442"]
[Annotator "RC"]
[PlyCount "100"]
[EventDate "2020.10.26"]
[EventType "team-tourn"]
[SourceTitle "playchess.com"]
[Source "ChessBase"]
[SourceQuality "1"]
[TimeControl "900+10"]

1. Nf3 {[%emt 0:00:00]} d5 {[%emt 0:00:05]} 2. g3 {[%emt 0:00:02]} c6 {[%emt 0:00:03]} 3. Bg2 {[%emt 0:00:02]} Nf6 {[%emt 0:00:02]} 4. O-O {[%emt 0:00:04]} Bf5 {[%emt 0:00:04]} 5. d3 {[%emt 0:00:10]} h6 {[%emt 0:00:17]} 6. c4 {[%emt 0:00:07]} dxc4 {[%emt 0:00:29]} 7. dxc4 {[%emt 0:00:04]} Nbd7 {[%emt 0:00:11]} 8. Qb3 {[%emt 0:03:30]} Nc5 {[%emt 0:02:25]} 9. Qe3 {[%emt 0:00:03]} e6 {[%emt 0:00:53]} 10. Nc3 {[%emt 0:07:14]} Be7 {[%emt 0:00:47]} 11. Rd1 {[%emt 0:00:16]} Qb6 {[%emt 0:00:28]} 12. Ne5 {[%emt 0:00:46]} O-O {[%emt 0:00:39]} 13. b3 {[%emt 0:00:12]} a5 {[%emt 0:01:05]} 14. Ba3 {[%emt 0:00:18]} Rfe8 {[%emt 0:00:49]} 15. h3 {[%emt 0:00:35]} Na4 {[%emt 0:03:40]} 16. Qxb6 {[%emt 0:00:56]} Nxb6 {[%emt 0:00:02]} 17. Bxe7 {[%emt 0:00:47]} Rxe7 {[%emt 0:00:02]} 18. e4 {[%emt 0:00:45]} Bh7 {[%emt 0:00:08]} 19. f4 {[%emt 0:00:37]} Nfd7 {[%emt 0:03:32]} 20. Nd3 {[%emt 0:00:05]} Rae8 {[%emt 0:01:00]} 21. c5 {[%emt 0:00:13]} Na8 {[%emt 0:00:21]} 22. Kf2 {[%emt 0:00:17]} Nc7 {[%emt 0:00:16]} 23. Rd2 {[%emt 0:00:14]} Na6 {[%emt 0:00:44]} 24. Na4 {[%emt 0:00:01]} e5 {[%emt 0:00:01]} 25. f5 {[%emt 0:00:04]} Bxf5 {[%emt 0:00:02]} 26. exf5 {[%emt 0:00:53]} e4 {[%emt 0:00:02]} 27. Bxe4 {[%emt 0:00:06]} Rxe4 {[%emt 0:00:02]} 28. Rad1 {[%emt 0:00:09]} Nf6 {[%emt 0:00:25]} 29. g4 {[%emt 0:00:33]} Nd5 {[%emt 0:00:32]} 30. Re1 {[%emt 0:00:18]} Nab4 {[%emt 0:00:34]} 31. Rxe4 {[%emt 0:00:12]} Rxe4 {[%emt 0:00:17]} 32. Nxb4 {[%emt 0:00:02]} Rxb4 {[%emt 0:00:08]} 33. Nb2 {[%emt 0:00:23]} h5 {[%emt 0:00:05]} 34. Kg3 {[%emt 0:00:14]} hxg4 {[%emt 0:00:07]} 35. hxg4 {[%emt 0:00:01]} f6 {[%emt 0:00:01]} 36. Rd3 {[%emt 0:00:11]} g6 {[%emt 0:00:25]} 37. fxg6 {[%emt 0:00:23]} Kg7 {[%emt 0:00:02]} 38. Nc4 {[%emt 0:00:07]} a4 {[%emt 0:00:04]} 39. Nd6 {[%emt 0:00:01]} Kxg6 {[%emt 0:00:22]} 40. bxa4 {[%emt 0:00:10]} Rxa4 {[%emt 0:00:03]} 41. a3 {[%emt 0:00:01]} Ra5 {[%emt 0:00:18]} 42. Nxb7 {[%emt 0:00:23]} Rb5 {[%emt 0:00:02]} 43. Nd8 {[%emt 0:00:07]} Rxc5 {[%emt 0:00:04]} 44. a4 {[%emt 0:00:04]} Nb6 {[%emt 0:00:19]} 45. Ne6 {[%emt 0:00:17]} Ra5 {[%emt 0:00:11]} 46. Rb3 {[%emt 0:00:01]} Nd5 {[%emt 0:00:16]} 47. Rb7 {[%emt 0:00:05]} f5 {[%emt 0:00:12]} 48. gxf5+ {[%emt 0:00:44]} Kxf5 {[%emt 0:00:02]} 49. Nd4+ {[%emt 0:00:02]} Kf6 {[%emt 0:00:15]} 50. Nxc6 {[%emt 0:00:09]} Rxa4 {[%emt 0:00:03]} 1/2-1/2